Score 0/22 Timer 03:00
2 Plays Today
Hint Missing Word % Correct
Raging _____ Bull
96.6%
The Deer _____ Hunter
94.2%
_____ DriverTaxi
93%
_____ Hundred and _____ NightsOne
91.4%
Meet the _____ Parents
90.8%
The _____ of Comedy King
89.6%
The _____ : Part II Godfather
87.3%
We're _____ AngelsNo
86.8%
_____ FearCape
83.8%
New _____ , New _____ York
76.2%
Once Upon a Time in _____ America
68.7%
Hint Missing Word % Correct
Mad _____ and GloryDog
65.8%
Mean _____ Streets
63.3%
_____ the DogWag
63.2%
The _____ TycoonLast
61.8%
_____ Brown Jackie
61.6%
Stanley & _____ Iris
42.8%
_____ RunMidnight
39.4%
_____ 's FineEverybody
36%
_____ in Love Falling
34.2%
_____ KillRighteous
17.4%
Last _____ Vegas
10.2%

Today's Daily Dose

Quick Pick
Colorful Movies

Get the Picture
Dog Breeds II

Remove Ads.
Support Sporcle.
Get the best of Sporcle when you Go Orange. This ad-free experience offers more features, more stats, and more fun while also helping to support Sporcle. Thank you for becoming a member.

You're not logged in!

Compare scores with friends on all Sporcle quizzes.
OR
Log In

Show Comments

Extras

Top Quizzes Today


Score Distribution

Your Account Isn't Verified!

In order to create a playlist on Sporcle, you need to verify the email address you used during registration. Go to your Sporcle Settings to finish the process.

Report this User

Report this user for behavior that violates our Community Guidelines.

Details: